| 000 | 00427nam a2200157Ia 4500 | ||
|---|---|---|---|
| 008 | 151213s9999 xx 000 0 und d | ||
| 082 |
_a712.0973 _b712.0973 |
||
| 100 | _aCantor, S.L. | ||
| 245 |
_aInnovative design solution _bIn land scape architecture _cCantor, S.L. |
||
| 260 |
_aNew York _bJohn Wiey _c1997 |
||
| 300 | _a1808 p. | ||
| 650 | _aArchitecture | ||
| 650 | _aReference | ||
| 700 | _aCantor, S.L. | ||
| 999 |
_c1327 _d1327 |
||